000 nam a22 7a 4500
999 _c9341
_d9341
008 180509b ||||| |||| 00| 0 eng d
020 _a9712710238
082 _21994
_aDFil 899.2103
_bF39
100 _927787
_aCordero-Fernando, Gilda
245 _aA secret ageing/
_bGilda Codero-Fernando
260 _aPasig City:
_bANVIL Publishing,
_cc1994.
300 _apages 65-87;
_b21 cm.
500 _aStory Collection.
650 0 _927788
_aShort stories
942 _2ddc
_cDFIL